Regions of Assassin's Creed Shadows - Statistics

General Stats
  • This quiz has been taken 6 times
  • The average score is 8 of 10
Answer Stats
Hint Region % Correct
Region Awaji
100%
Region Omi
100%
Region Settsu
100%
Region Tamba
100%
Region Iga
75%
Region Kii
75%
Region Wakasa
75%
Region Yamashiro
75%
Region Yamato
75%
Region Harima
50%
No matching quizzes found
Score Distribution
Percent of People with Each Score
Percentile by Number Answered
Your Score History
You have not taken this quiz